| 000 | 00493nam a2200193Ia 4500 | ||
|---|---|---|---|
| 008 | 151121s9999||||xx |||||||||||||| ||und|| | ||
| 082 | _a966।70/PAD | ||
| 082 | _bHNW-51224 | ||
| 100 | _aPadmore George | ||
| 245 | 4 | _aThe Gold Coast Revolution | |
| 260 | _b"Dennis Dobson Ltd, London।" | ||
| 260 | _c-- | ||
| 300 | _a272 | ||
| 600 | _aPadmore George | ||
| 630 | _aThe Gold Coast Revolution | ||
| 700 | _aPadmore George | ||
| 730 | _aThe Gold Coast Revolution | ||
| 942 | _cBOOK | ||
| 999 |
_c1235675 _d1235672 |
||